000 01535nam0a22003611 4500
001 rc\2282779
005 20190125151459.0
035 _a(NLR Aleph) 006564594
090 _a6880035
_c6880035
100 _a20110829d1976 |||y0rusy50 ba
101 0 _arus
102 _aRU
105 _aa z |||||
200 1 _aAbschied von Gulsary
_dПрощай, Гульсары!
_eКнига для чтения с коммент. на нем. яз.
_e[Для говорящих на нем. яз.]
_fЧингиз Айтматов
_g[Сост. В.И. Чигарев
_gПредисл. С.Я. Бахметьевой]
210 _aМосква
_cРус. яз.
_d1976
215 _a264 с.
_cил.
_d16
300 _aЗагл. обл.: Прощай, Гульсары!
300 _aВ вып. дан. авт.: Чингиз Торекулович Айтматов
510 0 _aПрощай, Гульсары!
_zrus
512 0 _aПрощай, Гульсары!
606 _aРусский язык
_jХрестоматии для нерусских
_2psbo
686 _aШ141.2-963нем47
_2rubbk
700 1 _aАйтматов
_bЧ.
_f1928-2008
_gЧингиз
_3RU\NLR\AUTH\7715403
702 1 _aБахметьева
_bС. Я.
_4080
702 1 _aЧигарев
_bВ. И.
_4220
790 1 _6z01700
_aАйтматов
_bЧ. Т.
_f1928-
_gЧингиз Торекулович
801 0 _aRU
_bNLR
_gpsbo
801 1 _aRU
_bELAR
_2rusmarc
852 _aNLR
_j77-2/2142
899 _aRuMoRGB
_jБ 76-43/1162
942 _cBOOK
980 _aNB